第三セクター鉄道等協議会加盟会社 - Statistics

General Stats
  • This quiz has been taken 80 times
  • The average score is 28 of 41
Answer Stats
Answer % Correct
道南いさりび鉄道
89%
あいの風とやま鉄道
89%
IRいしかわ鉄道
84%
三陸鉄道
82%
ハピラインふくい
82%
肥薩おれんじ鉄道
82%
IGRいわて銀河鉄道
82%
秋田内陸縦貫鉄道
80%
えちごトキめき鉄道
80%
しなの鉄道
80%
会津鉄道
79%
いすみ鉄道
79%
由利高原鉄道
72%
松浦鉄道
72%
山形鉄道
70%
智頭急行
70%
土佐くろしお鉄道
70%
平成筑豊鉄道
70%
野岩鉄道
69%
阿武隈急行
67%
のと鉄道
67%
若桜鉄道
67%
長良川鉄道
66%
天竜浜名湖鉄道
66%
北越急行
64%
錦川鉄道
64%
南阿蘇鉄道
64%
くま川鉄道
62%
阿佐海岸鉄道
61%
伊勢鉄道
59%
鹿島臨海鉄道
57%
樽見鉄道
57%
北条鉄道
57%
井原鉄道
57%
甘木鉄道
57%
真岡鐵道
56%
明知鉄道
56%
愛知環状鉄道
56%
北近畿タンゴ鉄道
56%
わたらせ渓谷鉄道
54%
信楽高原鉄道
49%
No matching quizzes found
Score Distribution
Percent of People with Each Score
Percentile by Number Answered
Your Score History
You have not taken this quiz